Praktické príklady na zúčtovacie vzťahy daň z pridanej hodnoty

Gespeichert in:
Bibliographische Detailangaben
1. Verfasser: Bolgáč, Ján, 1959-
Format: Buchkapitel
Sprache:Slowakisch
Tags: Tag hinzufügen
Keine Tags, Fügen Sie das erste Tag hinzu!

MARC

LEADER 00000naa$a2200000$$$4500
001 0063095
005 20240502071724.2
041 0 |a slo 
044 |a SK 
245 1 0 |a Praktické príklady na zúčtovacie vzťahy  |b daň z pridanej hodnoty  |c Ján Bolgáč 
100 1 |a Bolgáč, Ján, 1959-